Analisis soalan dalam bahan kurikulum bahasa Melayu tingkatan 4 dan 5 /
Saved in:
| Main Author: | |
|---|---|
| Format: | Thesis Book |
| Language: | Malay |
| Published: |
2004.
|
| Subjects: | |
| Tags: |
Add Tag
No Tags, Be the first to tag this record!
|
| LEADER | 01121cam a2200253 a 4500 | ||
|---|---|---|---|
| 001 | u714520 | ||
| 003 | SIRSI | ||
| 008 | 051110s2004 my t 00 may m | ||
| 040 | |a UMM | ||
| 043 | |a a-my-- | ||
| 090 | |a LB7 |b UMP 2004 Noorm | ||
| 100 | 0 | 0 | |a Noor Rohana Mansor |
| 245 | 1 | 0 | |a Analisis soalan dalam bahan kurikulum bahasa Melayu tingkatan 4 dan 5 / |c Noor Rohana Mansor. |
| 260 | |c 2004. | ||
| 300 | |a xxiii, 394 leaves : |b ill. ; |c 30 cm. | ||
| 502 | |a Thesis (Ph.D.) -- Fakulti Pendidikan, Universiti Malaya, 2005. | ||
| 504 | |a Bibliography: leaves 357-381. | ||
| 650 | 0 | |a Malay language |x Study and teaching (Secondary) |z Malaysia. | |
| 650 | 0 | |a Malay language |x Composition and exercises |x Evaluation | |
| 710 | 2 | 0 | |a Universiti Malaya. |b Fakulti Pendidikan. |
| 856 | |f IARC:A511957369 |z Click Here for Abstract and Table of Contents | ||
| 596 | |a 1 8 | ||
| 999 | |a LB7 UMP 2004 NOORM |w LC |c 1 |i A511932260 |d 13/2/2016 |e 13/2/2016 |f 18/1/2006 |g 1 |l STACKS |m P01UTAMA |n 35 |r Y |s Y |t TESIS |u 16/1/2006 | ||
| 999 | |a LB7 UMP 2004 NOORM |w LC |c 1 |i A516378125 |d 25/11/2021 |e 25/11/2021 |f 16/7/2020 |g 1 |l STACKS |m P08PENDIDI |n 2 |r Y |s Y |t TESIS |u 22/1/2016 |1 AHSS | ||
